Trójkąty - Statystyki

Ogólne statystyki
  • Ten quiz został rozwiązany 25 razy
  • Średni wynik to 4 z 10
Statystyki odpowiedzi
Zagadnienie Odpowiedź % Poprawnych
Poziom 2: Suma kątów w trójkącie wynosi 180 stopni
100%
Poziom 1: Trójkąt ma 3 boki
80%
Poziom 3: Wzór na pole trójkąta to: a - bok, h - wysokość padająca na bok a a*h/2
80%
Poziom 5: Aby z trzech boków zbudować trójkąt, muszą spełniać warunek: suma dwóch krótszych jest dłuższa niż najdłuższy bok
60%
Poziom 6: Ortocentrum trójkąta, to przecięcia się: wysokości trójkąta
40%
Poziom 4: Trójkąt nie może mieć: dwóch kątów rozwartych
20%
Poziom 10: Zaznacz zdanie prawdziwe: okrąg opisany i wpisany w trójkąt równoboczny mają ten sam środek
20%
Poziom 9: Wzór Herona, dzięki któremu można obliczyć pole trójkąta, to pierwiastek z: a, b, c - boki trójkąta, p - pół obwodu trójkąta p(p-a)(p-b)(p-c)
20%
Poziom 8: Które z tych odcinków tworzą trójkąt prostokątny 28 cm, 45 cm, 53 cm
0%
Poziom 7: Jeżeli każdy bok trójkąta dwukrotnie zwiększymy, to jego pole zwiększy się: 4 razy
0%
Nie znaleziono quizów pasujących do podanych kryteriów
Rozkład punktacji
Procent ludzi z każdym wynikiem
Percentyl według liczby udzielonych odpowiedzi
Twoja historia wyników
Nie rozwiązałeś tego quizu